So značkou Regécz Kolekcia porcelánu vo Východoslovenskom múzeu v Košiciach

Bibliographic Details
Main Author: Dobrová, H. (Author)
Format: Article
Language:Slovak
PhysicalDescription:Obr. 1.
Subjects:

MARC

LEADER 00000nab a2200000 a 4500
001 vtls000351844
003 SK-MaSNL
005 20260304000847.0
008 111201c1989 xo 0 slo
015 |a SNBRB19rr/mm-uuuuu 
035 |a CL0351966 
040 |a SNKBUCL  |b slo  |c SNKBUCL  |e AACR2 
041 0 |a slo 
044 |a xo  |c SK 
080 |a 666.5:061.4  |2 1981 
080 |a 061.4  |2 1981 
100 1 |a Dobrová, H.  |4 aut  |9 1276836 
245 1 0 |a So značkou Regécz  |b Kolekcia porcelánu vo Východoslovenskom múzeu v Košiciach  |c H. Dobrová 
300 |b Obr. 1. 
610 2 7 |a Východoslovenské múzeum  |2 snkbucl  |9 29561 
650 0 7 |a porcelán regácky  |2 snkbucl  |9 1276837 
651 7 |a 5403  |2 snkbucl  |9 893808 
655 7 |a články z novín a časopisov  |2 snkbucl  |9 267496 
773 0 |t Východoslovenské noviny  |g Roč. 38, č. 63 (15. 3. 1989), s. 4 
850 |a Slovenská národná knižnica v Martine  |a MTA001 
852 |a SNK  |b KIS3GCP 
958 |a RK 
992 |a RBX 
999 |c 2533462  |d 2535392